Fr. Conceicao Rodrigues College of Engineering

Fox Pro 2.5- for Windows inside + out (Record no. 28380)

MARC details
000 -LEADER
fixed length control field 00353nam a2200145Ia 4500
082 ## - DEWEY DECIMAL CLASSIFICATION NUMBER
Classification number 005.13 'FP'
100 ## - MAIN ENTRY--PERSONAL NAME
Personal name Jones/Edward
245 ## - TITLE STATEMENT
Title Fox Pro 2.5- for Windows inside + out
260 ## - PUBLICATION, DISTRIBUTION, ETC.
Name of publisher, distributor, etc. Osborne Mc graw Hill
Place of publication, distribution, etc. California
Date of publication, distribution, etc. 1992
300 ## - PHYSICAL DESCRIPTION
Extent 742
546 ## - LANGUAGE NOTE
Language note ENGLISH
654 ## - SUBJECT ADDED ENTRY--FACETED TOPICAL TERMS
Focus term Fox pro 2.5. windows inside + out
942 ## - ADDED ENTRY ELEMENTS (KOHA)
Koha item type BOOK
Holdings
Withdrawn status Lost status Damaged status Not for loan Collection Home library Current library Shelving location Date acquired Source of acquisition Cost, normal purchase price Total Checkouts Full call number Barcode Date last seen Cost, replacement price Price effective from Koha item type
        CRC Fr. Agnel's C.Rodrigues College of Engineering Fr. Agnel's C.Rodrigues College of Engineering   17/03/2023 global books 531.20   005.13 'FP' 5598 17/03/2023 531.20 17/03/2023 BOOK